| 000 | 00000nam 2200000za 4500 |
| 001 | 9.840667 |
| 003 | CaOODSP |
| 005 | 20221107151912 |
| 007 | cr ||||||||||| |
| 008 | 170731s1968 oncad ob f000 0 eng d |
| 040 | |aCaOODSP|beng |
| 043 | |an-cn--- |
| 086 | 1 |aM38-8/77E-PDF|zM38-8/77 |
| 100 | 1 |aThresh, H. R. |
| 245 | 14|aThe densities of liquid tin, lead, and tin-lead alloys |h[electronic resource] / |cH.R. Thresh, A.F. Crawley, and D.W.G. White, Physical Metallurgy Division. |
| 260 | |aOttawa : |bQueen's Printer, |c1968. |
| 300 | |ap. 819-[822] : |bcharts, ill. |
| 490 | 1 |aReprint series ; |vRS 77 |
| 500 | |aCover title. |
| 500 | |a"Reprinted from Transactions of the Metallurgical Society of AIME, volume 242, May 1968." |
| 500 | |aHistorical publication digitized from print 2017 [by Natural Resources Canada]. |
| 504 | |aIncludes bibliographical references. |
| 520 | |a"During the course of a long-term program at the Department of Energy, Mines and Resources, Ottawa, Canada, the densities of liquid tin, lead, and Pb-Sn alloys were studied. The work reported herein draws on two sets of results independently achieved by Thresh, on the one hand, and by Crawley and White, on the other"--p. 819. |
| 692 | 07|2gccst|aMetals |
| 700 | 1 |aCrawley, A. F. |
| 700 | 1 |aWhite, D. W. G. |
| 710 | 1 |aCanada. |bNatural Resources Canada. |
| 710 | 1 |aCanada. |bDepartment of Energy, Mines and Resources. |
| 710 | 1 |aCanada. |bMines Branch. |
| 830 | #0|aReprint series - Dept. of Energy, Mines and Resources, Mines Branch ;|vRS 77|w(CaOODSP)9.834843 |
| 856 | 40|qPDF|s5.70 MB|uhttps://publications.gc.ca/collections/collection_2017/rncan-nrcan/M38-8/M38-8-77-eng.pdf |
| 986 | |a300156 |